000 00882nam a2200265 i 4500
001 184982
003 ES-MaACL
005 20250729081208.0
008 160302s1977 fr |||| | fre d
020 _a2-213-00467-6
080 _a001(4)"19"
100 1 _aFabre-Luce, Alfred.
_948543
245 1 4 _aLes demi-dieux meurent aussi /
_cAlfred Fabre-Luce.
246 3 0 _iSubtít. de cub.
_aDe Darwin a Marx et a Freud
260 _a[Paris] :
_bFayard,
_c[1977]
300 _aIII, 290 p. ;
_c22 cm.
504 _aBibliografía: p. [285]-290.
600 1 4 _aDarwin, Charles,
_d1809-1882
_942770
600 1 4 _aMarx, Karl,
_d1818-1883
_978590
600 1 4 _aFreud, Sigmund,
_d1856-1939
_952547
650 _aPolítica y cultura.
_9150133
651 4 _aEuropa-
_xVida intelectual-
_yS.XX.
_9158924
852 _aES-MaACL
_jL-30236
_z. - Donat. Carmen Zumárraga
999 _c184982
_d184982